Cualidad y cantidad (Record no. 715429)
[ view plain ]
| 000 -CABECERA | |
|---|---|
| Campo de control de longitud fija | 00403nab a2200145Ia 4500 |
| 003 - IDENTIFICADOR DEL NÚMERO DE CONTROL | |
| Campo de control | ES-SlBCS |
| 005 - FECHA Y HORA DE LA ÚLTIMA TRANSACCIÓN | |
| Campo de control | 20210601144843.0 |
| 008 - CÓDIGOS DE INFORMACIÓN DE LONGITUD FIJA | |
| Campo de control de longitud fija | 140529s1968 xxu||||| |||| 00| 0 spa d |
| 041 ## - CÓDIGO DE LENGUA | |
| Código de lengua del texto/banda sonora o título independiente | spa |
| 100 1# - PUNTO DE ACCESO PRINCIPAL-NOMBRE DE PERSONA | |
| Nombre de persona | Godoy, Emma |
| 9 (RLIN) | 220435 |
| 245 00 - MENCIÓN DE TÍTULO | |
| Título | Cualidad y cantidad |
| Mención de responsabilidad, etc. | Emma Godoy |
| 600 14 - PUNTO DE ACCESO ADICIONAL DE MATERIA-NOMBRE DE PERSONA | |
| Nombre personal | Hegel-Lógica |
| 9 (RLIN) | 159116 |
| 773 0# - ENLACE AL DOCUMENTO FUENTE | |
| Título | Revista de Filosofia |
| Parte(s) relacionada(s) | vol. 1, nº. 3, 1968, págs. 53-59 |
| Número de control del registro relacionado | Rev693 |
| 942 ## - ENTRADA DE ELEMENTOS AGREGADOS (KOHA) | |
| Koha [por defecto] tipo de item | Artículos de revista |
| Suprimido | Perdido | Estropeado | No para préstamo | Localización permanente | Localización actual | Localización en estantería | Fecha adquisición | Préstamos totales | Fecha última consulta | Fecha del precio de reemplazo | Tipo de item de Koha |
|---|---|---|---|---|---|---|---|---|---|---|---|
| San Esteban | San Esteban | Depósito de revistas | 11/07/2014 | 11/07/2014 | 11/07/2014 | Artículos de revista |
